| 000 | 00486cam a2200181ua 4500 | ||
|---|---|---|---|
| 020 |
_a81 7099 516 7 _c350.00 |
||
| 041 |
_aeng _h |
||
| 082 |
_a630.7 _bSAM/EX |
||
| 100 | _aSamanta, R K . | ||
| 245 |
_aExtension strategy for agricultural development in 21st century / _cR K Samanta. _hTextual Documents |
||
| 250 |
_a1 / _b. |
||
| 260 |
_a : _bMittal Publications , _c1993. |
||
| 300 | _a27 ; . | ||
| 365 | _a350.00 | ||
| 504 | _a | ||
| 942 | _cBK | ||
| 999 |
_c9388 _d9388 |
||